Realistas alemanes del siglo XIX

La Teoría de la novela es un libro muy curioso y muy valioso por causa del realismo del autor, por lo menos en su primera parte. Siendo premarxista y extremadamente hegeliano en su enfoque, sin embargo mantiene una actitud histórica que funda los juicios críticos en consideraciones filosóficas sobre...

Full description

Bibliographic Details
Main Author: Lukács, György 1895-1971
Format: Libro
Language:Spanish
Published: Barcelona : Grijalbo, 1970.
Series:Obras completas
Subjects:

MARC

LEADER 00000cam a2200000 a 4500
001 001103
003 UAHC_CL
005 20240719162612.0
008 240718s1970 mx 000 spa
035 |a CENTRAL 
040 |a UAHC_CL  |c UAHC_CL  |d UAHC_CL 
082 0 4 |a 900  |2 21  |b L954 
100 |a Lukács, György  |d 1895-1971  |9 816 
245 1 0 |a Realistas alemanes del siglo XIX  |c Georg Lukacs. 
260 |a Barcelona :  |b Grijalbo,  |c 1970. 
300 |a volumen 2 
440 |a Obras completas  |9 20011 
520 |a La Teoría de la novela es un libro muy curioso y muy valioso por causa del realismo del autor, por lo menos en su primera parte. Siendo premarxista y extremadamente hegeliano en su enfoque, sin embargo mantiene una actitud histórica que funda los juicios críticos en consideraciones filosóficas sobre la evolución histórica de las sociedades materiales, tal como el estudio concreto nos muestra esta evolución y no como mera articulación ideal del progreso humano.  
650 0 |a Literatura alemana  |x Historia y crítica  |9 20001 
650 0 |a Realismo en Literatura  |9 11407 
942 |c BK  |2 ddc 
952 |0 0  |1 0  |2 ddc  |4 0  |6 900_000000000000000_LUK  |7 0  |8 COMP  |9 99722  |a BC  |b BC  |c General  |d 2024-07-18  |e Donación  |l 0  |o 900 LUK  |p 1444399  |r 2026-01-13 00:00:00  |t 1  |w 2024-07-18  |y BK  |B LLEN 
999 |c 61885  |d 61885